000
00218 a2200085 4500
020
_a
9781405322324
082
_a
618.92 VALM
100
_a
VALMAN BERNARD
_9
151716
245
_a
When your child is ill a home guide for parents
999
_c
775689
_d
775688
942
_w
406
_x
Sifiso Ndbele
_y
406
_z
Sifiso Ndbele